Baginda Puteri

Bibliographic Details
Main Author: Talib Samat
Format: Book
Published: Kuala Lumpur : DBP , 1993
Series:Drama remaja
Subjects:

MARC

LEADER 00000cam a2200000 7i4500
001 0000007358
002 000007913
005 20011105.0
020 |a 9836231285 
090 0 0 |a F   |b TAL 
100 0 |a Talib Samat 
245 1 0 |a Baginda Puteri   |c Talib Samat 
260 |a Kuala Lumpur :   |b DBP ,   |c 1993 
300 |a 235p. ;   |c 18cm. 
490 0 |a Drama remaja 
650 0 0 |a Malay fiction 
999 |a 055096   |b BUKU   |c FICTION   |e PERPUSTAKAAN KOMUNITI CAW KOTA DAMANSARA 
999 |a 055097   |b BUKU   |c FICTION   |e PERPUSTAKAAN KOMUNITI CAW KOTA DAMANSARA